00289nam a22001097a 4500020001700000082001600017100002000033245004100053250000700094260004200101300003600143 a978070635159 222a621.312 aKundur, Prabha. aPower system stability and control / aNA aNew Delhi,bTata McGrew Hill,cc2010. axxiii,1176 p. ;bill. ;c24 cm.